000 00708nam a2200193Ii 4500
003 JO-AjNU
008 230605s9999||||xx |||||||||||||| ||und||
040 _aJO-AjNU
_bara
_erda
_cJO-AjNU
041 _aara
050 1 4 _aPJ6101.M8
100 3 _aتأليف المبرد، أبي العباس محمد بن يزيد ؛ تحقيق محمد عبد الخالق عضيمة,
_eauthor
_926845
245 0 0 _aالمقتضب
264 3 1 _aد،م: عالم الكتب، د،ت
300 _aج4، 360ص
336 _atext
_btxt
_2rdacontent
337 _aunmediated
_bn
_2rdamedia
338 _avolume
_bnc
_2rdacarrier
650 4 _aاللغة العربية -- نحو -- اللغة العربية -- صرف
_926846
999 _aA10222
_c13790
_d13790